LIBRARY & INFORMATION CENTRE, KCAET, TAVANUR

ONLINE PUBLIC ACCESS CATALOGUE (OPAC)

Heat treatment: Principles and techniques / (Record no. 13392)

MARC details
000 -LEADER
fixed length control field 00506cam a2200193ua 4500
041 ## - LANGUAGE CODE
Language code of text/sound track or separate title eng
082 ## - DEWEY DECIMAL CLASSIFICATION NUMBER
Classification number 671.36
Item number RAJ/HE
100 ## - MAIN ENTRY--AUTHOR NAME
Personal name Rajan, T.V .
245 ## - TITLE STATEMENT
Title Heat treatment: Principles and techniques /
260 ## - PUBLICATION, DISTRIBUTION, ETC. (IMPRINT)
Place of publication New Delhi :
Name of publisher Prentice Hall of India Pvt Ltd. ,
Year of publication 2007.
300 ## - PHYSICAL DESCRIPTION
Number of Pages 460 ; .
700 1# - ADDED ENTRY--PERSONAL NAME
Personal name Ashok, Sharma .
700 1# - ADDED ENTRY--PERSONAL NAME
Personal name Sharma, C.P .
942 ## - ADDED ENTRY ELEMENTS (KOHA)
Koha item type Books
Holdings
Withdrawn status Lost status Damaged status Home library Current library Date acquired Full call number Accession Number Koha item type
      KAUAET KAUAET 07/04/2012 671.36 21930 Books
free website counter